[Event "AUT-chT 2223"]
[Site "Austria"]
[Date "2023.04.15"]
[Round "11.3"]
[White "Horvath, Dominik"]
[Black "Krassowizkij, Jaroslaw"]
[Result "1-0"]
[WhiteElo "2501"]
[BlackElo "2436"]
[PlyCount "67"]
[EventDate "2022.11.03"]
[EventType "team-tourn"]
[EventRounds "11"]
[EventCountry "AUT"]
[SourceTitle "EXT 2024"]
[Source "ChessBase"]
[SourceDate "2023.10.10"]
[SourceVersion "1"]
[SourceVersionDate "2023.10.10"]
[SourceQuality "1"]
[WhiteTeam "Fuerstenfeld/Hartberg"]
[BlackTeam "Goetzis"]
[WhiteTeamCountry "AUT"]
[BlackTeamCountry "AUT"]

1. Nf3 Nf6 2. c4 e6 3. Nc3 d5 4. d4 c5 5. cxd5 Nxd5 6. e4 Nxc3 7. bxc3 cxd4 8. cxd4 Bb4+ 9. Bd2 Bxd2+ 10. Qxd2 0-0 11. Bc4 Nd7 12. 0-0 b6 13. Rad1 Bb7 14. Rfe1 Rc8 15. Bb3 h6 16. Re3 Qf6 17. Qe2 e5 18. d5 a6 19. Nd2 b5 20. Nf1 Nc5 21. Rf3 Qd6 22. Ne3 Nxb3 23. axb3 Qa3 24. Qd2 Rc7 25. Nf5 f6 26. Rg3 Bc8 27. d6 Ra7 28. b4 Qa4 29. Nxh6+ Kh7 30. Nf5 Bxf5 31. exf5 Raf7 32. Rc1 Rd8 33. Qd5 Kg8 34. Rgc3 1-0

[Event "Bundesliga 2223"]
[Site "Germany"]
[Date "2022.10.22"]
[Round "1.2"]
[White "Svane, Rasmus"]
[Black "Krassowizkij, Jaroslaw"]
[Result "1-0"]
[WhiteElo "2615"]
[BlackElo "2439"]
[PlyCount "113"]
[EventDate "2022.10.21"]
[EventType "team-tourn"]
[EventRounds "15"]
[EventCountry "GER"]
[SourceTitle "CBM 211"]
[Source "ChessBase"]
[SourceDate "2022.12.31"]
[SourceVersion "1"]
[SourceVersionDate "2022.12.31"]
[SourceQuality "1"]
[WhiteTeam "Hamburger SK"]
[BlackTeam "Schoenaich"]
[WhiteTeamCountry "GER"]
[BlackTeamCountry "GER"]

1. d4 d5 2. c4 e6 3. Nf3 Nf6 4. g3 Be7 5. Bg2 0-0 6. 0-0 dxc4 7. Qa4 a6 8. Qxc4 b5 9. Qc2 Bb7 10. Bd2 Be4 11. Qc1 c6 12. a4 b4 13. Bg5 Bxf3 14. Bxf3 Qxd4 15. Nd2 Nd5 16. Bxe7 Nxe7 17. Nb3 Qa7 18. Rd1 a5 19. Qd2 Nd5 20. Rac1 Nd7 21. Rxc6 N7b6 22. Qc2 Rac8 23. Bxd5 exd5 24. Rxc8 Rxc8 25. Rxd5 Qa8 26. Rc5 Rxc5 27. Qxc5 Nxa4 28. Qb5 Nxb2 29. Nxa5 h6 30. Qxb4 Qd5 31. Qb8+ Kh7 32. Qxb2 Qxa5 33. Qc2+ g6 34. Qb2 h5 35. Kg2 Kg8 36. Qd4 Qa8+ 37. f3 Qa2 38. Qe5 Qc2 39. Kf2 Qc1 40. Qe8+ Kg7 41. Qe5+ Kg8 42. Kg2 Qc2 43. Kh3 Qc8+ 44. Kh4 Qd8+ 45. Qg5 Qd4+ 46. e4 Qf2 47. Qf6 Qxh2+ 48. Kg5 Qd2+ 49. f4 Qb4 50. e5 Qc5 51. Qd6 Qc8 52. e6 Kh7 53. f5 Qc2 54. Qd5 Kg7 55. Qe5+ Kf8 56. Qh8+ Ke7 57. Qf6+ 1-0

[Event "Bundesliga 2223"]
[Site "Germany"]
[Date "2022.10.21"]
[Round "7.8"]
[White "Krassowizkij, Jaroslaw"]
[Black "Adams, Michael"]
[Result "1-0"]
[WhiteElo "2439"]
[BlackElo "2689"]
[PlyCount "63"]
[EventDate "2022.10.21"]
[EventType "team-tourn"]
[EventRounds "15"]
[EventCountry "GER"]
[SourceTitle "CBM 212 Extra"]
[Source "ChessBase"]
[SourceDate "2023.03.31"]
[SourceVersion "1"]
[SourceVersionDate "2023.03.31"]
[SourceQuality "1"]
[WhiteTeam "Schoenaich"]
[BlackTeam "Baden-Baden"]
[WhiteTeamCountry "GER"]
[BlackTeamCountry "GER"]

1. e4 e5 2. Nf3 Nc6 3. Bc4 Bc5 4. c3 Nf6 5. d3 d6 6. 0-0 h6 7. Re1 0-0 8. h3 a5 9. Nbd2 a4 10. Bb5 Bd7 11. Nf1 Ne7 12. Bxd7 Nxd7 13. d4 Bb6 14. Qc2 Ra6 15. Be3 exd4 16. Bxd4 Bxd4 17. Nxd4 a3 18. b3 d5 19. Rad1 c5 20. Nf3 Nf6 21. Ne3 Nxe4 22. Nxd5 Nxd5 23. Qxe4 Rd6 24. Qd3 Qf6 25. c4 Rfd8 26. cxd5 Rxd5 27. Re8+ Rxe8 28. Qxd5 b6 29. g3 g6 30. Qd7 Re7 31. Qd8+ Kg7 32. Kg2 1-0

[Event "Eberstadt"]
[Site "Eberstadt"]
[Date "2022.09.04"]
[Round "9"]
[White "Deuer, Marius"]
[Black "Krassowizkij, Jaroslaw"]
[Result "1/2-1/2"]
[WhiteElo "2303"]
[BlackElo "2429"]
[PlyCount "116"]
[EventDate "2022.08.27"]
[EventType "tourn"]
[EventRounds "9"]
[EventCountry "GER"]
[EventCategory "5"]
[SourceTitle "CBM 210 Extra"]
[Source "ChessBase"]
[SourceDate "2022.11.30"]
[SourceVersion "1"]
[SourceVersionDate "2022.11.30"]
[SourceQuality "1"]

1. d4 Nf6 2. c4 g6 3. g3 c6 4. Bg2 d5 5. Nf3 Bg7 6. 0-0 0-0 7. Qb3 Qb6 8. Nc3 Rd8 9. Na4 Qxb3 10. axb3 Na6 11. Bf4 Bf5 12. Nc3 Ne8 13. h3 Nb4 14. Ra4 a5 15. Rc1 Be4 16. cxd5 cxd5 17. Nb5 e6 18. Bg5 Rdb8 19. Bd2 Ra6 20. Ne5 Bxe5 21. dxe5 Bxg2 22. Kxg2 Nc6 23. f4 f6 24. Nd4 Nxd4 25. Rxd4 Rc6 26. Rc3 f5 27. b4 axb4 28. Rxb4 Rxc3 29. Bxc3 b5 30. Rb3 b4 31. Rxb4 Rxb4 32. Bxb4 Nc7 33. Kf3 Kf7 34. Ke3 Nb5 35. Bc5 Ke8 36. g4 Kd7 37. gxf5 gxf5 38. Kf3 Ke8 39. Ke3 Kd7 40. b4 Kc6 41. Kd3 Na3 42. Kc3 Kb5 43. e3 Nb1+ 44. Kc2 Na3+ 45. Kd3 Kc6 46. Ke2 Nb5 47. Kf3 Kd7 48. Kg3 Ke8 49. Kh4 Kf7 50. Kg5 Na3 51. Bd4 Nb5 52. Bb2 Nc7 53. Ba1 Nb5 54. Kh6 Kg8 55. Bd4 Na3 56. Bc5 Nb5 57. Kh5 Kf7 58. Kh4 Ke8 1/2-1/2

[Event "Eberstadt"]
[Site "Eberstadt"]
[Date "2022.08.28"]
[Round "2"]
[White "Miezis, Normunds"]
[Black "Krassowizkij, Jaroslaw"]
[Result "1/2-1/2"]
[WhiteElo "2444"]
[BlackElo "2429"]
[PlyCount "76"]
[EventDate "2022.08.27"]
[EventType "tourn"]
[EventRounds "9"]
[EventCountry "GER"]
[EventCategory "5"]
[SourceTitle "CBM 210 Extra"]
[Source "ChessBase"]
[SourceDate "2022.11.30"]
[SourceVersion "1"]
[SourceVersionDate "2022.11.30"]
[SourceQuality "1"]

1. c4 e6 2. Nf3 d5 3. e3 Nf6 4. Nc3 Be7 5. d4 0-0 6. Bd3 c5 7. 0-0 dxc4 8. Bxc4 a6 9. a4 Nc6 10. b3 b6 11. Bb2 cxd4 12. exd4 Bb7 13. d5 Na5 14. dxe6 Nxc4 15. Qxd8 Raxd8 16. exf7+ Rxf7 17. bxc4 Bxf3 18. gxf3 Rc8 19. a5 bxa5 20. Rxa5 Rxc4 21. Rxa6 Bc5 22. Ra4 Rxa4 23. Nxa4 Ba7 24. Rd1 h6 25. Nc3 Nh5 26. Kg2 Nf4+ 27. Kf1 Ng6 28. Rd8+ Kh7 29. Ne4 Rb7 30. Rd2 Bb8 31. Nc5 Rf7 32. Rd7 Rxd7 33. Nxd7 Bxh2 34. Nc5 Bd6 35. Ne6 Bf8 36. f4 Kg8 37. f5 Nh4 38. f6 gxf6 1/2-1/2

[Event "BL2-Sued 2122"]
[Site "Germany"]
[Date "2022.05.14"]
[Round "5.2"]
[White "Krassowizkij, Jaroslaw"]
[Black "Gschnitzer, Adrian"]
[Result "1/2-1/2"]
[WhiteElo "2437"]
[BlackElo "2441"]
[PlyCount "116"]
[EventDate "2022.03.05"]
[EventType "team-tourn"]
[EventRounds "10"]
[EventCountry "GER"]
[SourceTitle "EXT 2023"]
[Source "ChessBase"]
[SourceDate "2022.10.05"]
[SourceVersion "1"]
[SourceVersionDate "2022.10.05"]
[SourceQuality "1"]
[WhiteTeam "Schoenaich"]
[BlackTeam "Walldorf"]
[WhiteTeamCountry "GER"]
[BlackTeamCountry "GER"]

1. d4 d5 2. c4 e6 3. Nc3 c6 4. e4 dxe4 5. Nxe4 Bb4+ 6. Bd2 Qxd4 7. Bxb4 Qxe4+ 8. Be2 Na6 9. Ba5 b6 10. Qd6 Bd7 11. Bc3 f6 12. Nf3 Ne7 13. 0-0-0 Qxe2 14. Qxd7+ Kf7 15. Rhe1 Qxc4 16. Re3 Rhd8 17. Ne5+ fxe5 18. Rf3+ Qf4+ 19. Rxf4+ exf4 20. Qb7 Nc5 21. Rxd8 Rxd8 22. Qxa7 Nd3+ 23. Kc2 b5 24. Bxg7 e5 25. a3 Ke6 26. Qc7 Rc8 27. Qa7 Rd8 28. Qc7 Rc8 29. Qxc8+ Nxc8 30. Kxd3 Kd5 31. g4 fxg3 32. fxg3 Nd6 33. Bf8 Nc4 34. b3 Nb6 35. g4 c5 36. h4 c4+ 37. Kc3 e4 38. Bh6 cxb3 39. Kxb3 Nc4 40. h5 Ne5 41. Kb4 Nxg4 42. Bf8 Kc6 43. Kc3 Nf6 44. Kd4 Nxh5 45. Kxe4 Nf6+ 46. Kf5 Nd7 47. Bb4 Kd5 48. Kg5 Kc4 49. Kh6 Nf6 50. Bf8 Kb3 51. Bd6 Ne4 52. Bf8 Nd2 53. Kxh7 Nc4 54. Kg6 Nxa3 55. Kf5 Nc2 56. Ke4 Kc4 57. Kf3 b4 58. Bxb4 Nxb4 1/2-1/2

[Event "BL2-Sued 2122"]
[Site "Germany"]
[Date "2022.05.01"]
[Round "4.2"]
[White "Krassowizkij, Jaroslaw"]
[Black "Krivonosov, Oleg"]
[Result "1/2-1/2"]
[WhiteElo "2436"]
[BlackElo "2367"]
[PlyCount "81"]
[EventDate "2022.03.05"]
[EventType "team-tourn"]
[EventRounds "10"]
[EventCountry "GER"]
[SourceTitle "EXT 2023"]
[Source "ChessBase"]
[SourceDate "2022.10.05"]
[SourceVersion "1"]
[SourceVersionDate "2022.10.05"]
[SourceQuality "1"]
[WhiteTeam "Schoenaich"]
[BlackTeam "Schott Mainz"]
[WhiteTeamCountry "GER"]
[BlackTeamCountry "GER"]

1. e4 e5 2. Nf3 Nc6 3. Bc4 Bc5 4. c3 Nf6 5. d3 d6 6. 0-0 h6 7. Re1 0-0 8. h3 a6 9. a4 Ba7 10. Nbd2 Re8 11. Qb3 Qe7 12. a5 Rb8 13. Nf1 Be6 14. Bxe6 Qxe6 15. Qxe6 Rxe6 16. Be3 Bxe3 17. Nxe3 Ne7 18. b4 Rd8 19. c4 c6 20. Nd2 Ng6 21. g3 Re7 22. Nb3 Rc7 23. Rad1 Nf8 24. Nf5 d5 25. exd5 cxd5 26. c5 Ng6 27. d4 e4 28. Nd2 Ne7 29. Nxe7+ Rxe7 30. b5 axb5 31. Rb1 Nh5 32. Rxb5 f5 33. Nf3 Rc7 34. Ne5 Ra8 35. Reb1 Ra7 36. a6 Rxa6 37. Rxb7 Rxb7 38. Rxb7 Ra1+ 39. Kh2 Ra2 40. Kg1 Ra1+ 41. Kh2 1/2-1/2